01739 a2200193 450000100040000000500170000400800410002100300150006204000400007708000390011724500270015602000220018325000110020526400330021630000300024950511210027910000270140085601180142725020260407155417.0260407a2009 arg spa dAR-UNSa-BCEJYS aAR-UNSa-BCEJYSbspacAR-UNSa-BCEJYS a657.6xAuditoria (control interno)10aTratado de auditoría a978-987-03-1469-1 a4a. ed 1aBuenos Aires :bLa Leyc2009 a2 v. (670, 641 p.)c24 cm aVol. 1: 1. Informaciones financieras, auditorías y otros servicios de atestiguación - 2. Estándares internacionales - 3. Marco regulatorio Argentino - 4. Marco regulatorio Estadounidense - 5. La independencia - 6. Etica y códigos de actuación profesional - 7. Controles y revisiones de calidad - 8. Consecuencias de la mala praxis - 9. El informe sobre los estados financieros - 10. Informes diversos - 11. Contratación de la auditoría y relación con el cliente - 12. Procedimientos de auditoría -- Vol. 2: 13. Planeamiento y administración de una auditoría - 14. Muestreo - 15. La evidencia de auditoría y su documentación - 16. Controles internos que interesan al auditor - 17. Pruebas sobre controles y movimientos contables - 18. Pruebas directas sobre componentes de los estados financieros - 19. Cierre de la auditoría - 20. Revisiones de estados financieros - 21. Atestiguaciones sobre informaciones históricas diversas y controles internos - 22. Auditorías y revisiones de informaciones prospectivas - 23. Trabajos de procedimientos convenidos, compilaciones y certificaciones1 aFowler Newton, Enrique41uhttps://biblioeco.unsa.edu.ar/pmb/images/libros/Tratado de Auditoria2-l117606.jpegyImagen de portadaqimage/jpeg